|
|
|
|
| LEADER |
01261nam a2200349 a 4500 |
| 001 |
000675733 |
| 003 |
CZ BrMZK |
| 005 |
20041116082025.0 |
| 007 |
ta |
| 008 |
030630s2003 xr e 000 f cze d |
| 015 |
|
|
|a cnb001200432
|
| 020 |
|
|
|a 80-7303-131-0
|q (váz.)
|
| 035 |
|
|
|a (OCoLC)53861131
|
| 040 |
|
|
|a OLA001
|b cze
|d BOA001
|
| 041 |
1 |
|
|a cze
|h eng
|
| 072 |
|
7 |
|a 821.111(73)-3
|x Americká próza
|2 Konspekt
|9 25
|
| 080 |
|
|
|a 821.111(73)-31
|2 MRF
|
| 080 |
|
|
|a (0:82-312.4)
|2 MRF
|
| 100 |
1 |
|
|a Silva, Daniel,
|d 1960-
|7 xx0001705
|4 aut
|
| 245 |
1 |
0 |
|a Umění zabíjet /
|c Daniel Silva ; [z anglického originálu přeložila Klára Míčková]
|
| 250 |
|
|
|a Vyd. 1.
|
| 260 |
|
|
|a Ostrava :
|b Domino,
|c 2003
|
| 300 |
|
|
|a 333 s. ;
|c 22 cm
|
| 500 |
|
|
|a Přeloženo z angličtiny
|
| 655 |
|
7 |
|a americké romány
|7 fd131796
|2 czenas
|
| 655 |
|
7 |
|a špionážní romány
|7 fd133920
|2 czenas
|
| 700 |
1 |
|
|a Míčková, Klára
|7 xx0048980
|4 trl
|
| 765 |
0 |
|
|t <<The>> kill artist
|9 Česky
|
| 856 |
4 |
1 |
|u http://www.digitalniknihovna.cz/mzk/uuid/uuid:a68c3470-1f83-11e3-9319-005056827e51
|y Digitalizovaný dokument
|x NDK
|
| 910 |
|
|
|a BOA001
|b 2-1120.287
|
| 990 |
|
|
|a BK
|
| 996 |
6 |
|
|b 2610194897
|c 2-1120.287
|l MZK
|r Sklad / do 1 hodiny
|n 2
|p p.v.
|w 000675733
|u 000010
|a 1
|e BOA001
|j MZK50
|s P
|